000 00492nam a2200169Ia 4500
008 230917s9999||||xx |||||||||||||| ||und||
020 _cRS 150.00
040 _e5016252
_aMAIN
041 _aEnglish
082 _a294.5563092 L148Y
100 _aLala Lajpatrai
245 0 _aYug-pravartak Swami Dayanand
260 _aDelhi
_bVijaykumar Govindram Hasanand
_c2014
300 _a270 p.
500 _a4558 04/03/2022 HBD22/9287 04/03/2022 Centre for Maharishi Danyand Vedic Studi
942 _cBK
999 _c5625
_d5625